Powerful CAE Tools for Simulation and Optimalization of Robots' Structure

Predstavenie CAE systémov. Ich hlavné rysy.

Guardado en:
Detalles Bibliográficos
Autor principal: Daneshjo, Naqibullah, 1964-
Otros Autores: Klobušická, Marcela
Formato: Capítulo de libro
Lenguaje:eslovaco
Materias:
Etiquetas: Agregar Etiqueta
Sin Etiquetas, Sea el primero en etiquetar este registro!

MARC

LEADER 00000naa$a2200000$$$4500
001 0278039
005 20220819162409.2
041 0 |a slo 
044 |a SK 
245 1 0 |a Powerful CAE Tools for Simulation and Optimalization of Robots' Structure  |c Naqibullah Daneshjo, Marcela Klobušická 
520 |a Predstavenie CAE systémov. Ich hlavné rysy. 
610 2 0 |a roboty 
610 2 0 |a simulácia 
610 2 0 |a konštrukcia 
610 2 0 |a modely 
100 1 |a Daneshjo, Naqibullah, 1964- 
700 1 |a Klobušická, Marcela